000 02139agaaa2200337 4500
001 6422
003 IT-RoPAU
005 20220918181238.0
007 d cvaizq
008 50131s9999||||xx ||| | || ||und||
040 _aIT-RoPAU
_cIT-RoPAU
041 _aITALIANO
100 _aBunuel Luis
_gCodice regista SPICS: 8694
_936748
130 _aBELLA DI GIORNO
_943922
240 _aBELLE DE JOUR
_gT1754
245 _aBELLA DI GIORNO
_cProdotto da: Hakim Robert E Raymo -- Sceneggiatura: Bunuel Luis Carriere Jean-Claude -- Diretto da: Bunuel Luis
_pBELLA DI GIORNO (Rif. Codice opera principale : H6422)
246 _aBELLE DE JOUR
250 _aEdizione Standard
260 _aPARIGI - ROMA (FRANCIA - ITALIA)
_bPARIS FILM - FIVE FILM / Distribuzione: CIAK
_g"1967 (1° ed.: 2006 ; Ed. Lingua Orig.: 1967)"
300 _aDVD
_bsonoro, col.
_c100 minuti
508 _a"Fotografia: Vierny Sacha; Montaggio: Taverna-Hautecoeur L; Musica: Longuet Rene; Sceneggiatura: Bunuel Luis Carriere Jean-Claude; Scenografia: Clavel Robert; "
511 _a"Deneuve Catherine; Piccoli Michel; Sorel Jean; Page Genevieve; Clementi Pierre"
520 _a"PIERRE E SEVERINE SONO UNA GIOVANE COPPIA, IN APPARENZA FELICE. MA, MENTREPIERRE E' MOLTO IMPEGNATO DALLA SUA PROFESSIONE DI CHIRURGO, SEVERINE DI GIORNO E' SOLA E INSODDISFATTA. UN VUOTO ESISTENZIALE CHE LA GIOVANE DONNA FINISCE PER COLMARE CREANDOSI UNA SECONDA VITA: IN UNA CASA D'APPUNTAMENTI. LE DUE VITE DI SEVERINE PROCEDONO PARALLELE FINO A QUANDO UN GIOVANE DELINQUENTE, INNAMORATOSI DI LEI, NON LE FARA' TRAGICAMENTE INCONTRARE. LEONE D'ORO ALLA MOSTRA DEL CINEMA DI VENEZIA 1967. CONTENUTI EXTRA: PILLOLE DI CINEMA; BIOGRAFIA DEL REGISTA; FILMOGRAFIA DEL REGISTA; BIOGRAFIA DEGLI INTERPRETI; NIVITA'."
538 _aPAL, STEREO
546 _aITALIANO
650 _aDRAMMATICO
_eDVD-FILM [DVD]
_xCodice MATERIA SPICS: 9947
_943923
700 _aBunuel Luis
_e(regista)
_gCodice regista SPICS: 8694
_936748
700 _aKessel Joseph
_e(soggetto)
_gCodice Soggetto SPICS: 58529
_943924
700 _aLonguet Rene
_e(musica)
_gCodice Musica SPICS: 58530
_943925
942 _cDV
_2ddc
999 _c105890
_d105890